Central Library OPAC University of Rajshahi

Climate-glacier studies in the Juneau Ice Field region, Alaska / (Record no. 10561)

MARC details
000 -LEADER
fixed length control field 00973cam a22002771 4500
001 - CONTROL NUMBER
control field 10561
003 - CONTROL NUMBER IDENTIFIER
rucl marc code BD-RjUL
005 - DATE AND TIME OF LATEST TRANSACTION
control field 20211208234957.0
008 - FIXED-LENGTH DATA ELEMENTS--GENERAL INFORMATION
fixed length control field 140125s1964 iluab b 000 0 eng
035 ## - SYSTEM CONTROL NUMBER
System control number (BD-RjUL)10609
System control number (OCoLC)166927
040 ## - CATALOGING SOURCE
Original cataloging agency DLC
Transcribing agency ODaWU
Modifying agency OCoLC
-- DLC
-- BD-RjUL
Language of cataloging eng
041 ## - LANGUAGE CODE
Language code of text/sound track or separate title eng
082 00 - DEWEY DECIMAL CLASSIFICATION NUMBER
Classification number 551.31209
Edition number 18
Author mark and year MAC 1964
100 1# - MAIN ENTRY--PERSONAL NAME
Personal name Marcus, Melvin Gerald.
9 (RLIN) 32648
245 10 - TITLE STATEMENT
Title Climate-glacier studies in the Juneau Ice Field region, Alaska /
Statement of responsibility, etc. Melvin G Marcus.
260 ## - PUBLICATION, DISTRIBUTION, ETC. (IMPRINT)
Place of publication, distribution, etc. Chicago :
Name of publisher, distributor, etc. University of Chicago, Dept. of Geography,
Date of publication, distribution, etc. c1964.
300 ## - PHYSICAL DESCRIPTION
Pagination ix, 128 p. :
Illustrations illus., maps (1 fold.) ;
Size 23 cm.
490 1# - SERIES STATEMENT
Series statement University of Chicago. Dept. of Geography. Research paper
Volume/sequential designation no. 88
504 ## - BIBLIOGRAPHY, ETC. NOTE
Bibliography, etc Bibliography: p. 121-128.
650 #0 - SUBJECT ADDED ENTRY--TOPICAL TERM
Topical term or geographic name as entry element Meteorology
Geographic subdivision Juneau Icefield (Alaska and B.C.)
9 (RLIN) 32649
651 #0 - SUBJECT ADDED ENTRY--GEOGRAPHIC NAME
Geographic name Juneau Icefield (Alaska and B.C.)
9 (RLIN) 32650
942 ## - ADDED ENTRY ELEMENTS (KOHA)
Source of classification or shelving scheme Dewey Decimal Classification
Koha item type Books
Holdings
Lost status Source of classification or shelving scheme Damaged status Not for loan Permanent Location Current Location Shelving location Date acquired Source of acquisition Cost, normal purchase price Total Checkouts Full call number Date last seen Copy number Koha item type
  Dewey Decimal Classification   Not For Loan Central Library, University of Rajshahi Central Library, University of Rajshahi Reading Room 03/06/1967 Sweels & Zeitlinger 3.00   551.31209 MAC 1964 25/01/2014 C-1 Books